Estatísticas para Cultura Geral

Clique aqui para jogar o quiz

Estatísticas Gerais

  • Esse quiz foi jogado 15 vezes
  • A pontuação média é 7 de 15

Estatísticas das Respostas

HintResposta% Correto
A que rede de restaurantes pertence o hambúrguer Big Mac?McDonald's
92%
Em que país podemos encontrar a sede da empresa Subway?Estados Unidos
83%
Em que país podemos encontrar a cidade de Vancouver?Canadá
75%
Que tipo de comida é vendida no Burger King?Fast-food
75%
Que país tem uma bandeira com riscas verticais das seguintes cores: azul, branco e vermelho?França
67%
Em que país podemos encontrar a sede da empresa Puma?Alemanha
58%
A que banda pertence o álbum "Highway to Hell"?AC/DC
42%
A que país pertence a banda AC/DC?Austrália
42%
Que tipo de comida é vendida no restaurante KFC?Frango frito
33%
Em que país podemos encontrar a cidade de Leiria?Portugal
33%
Que género de música foi exemplificado por "The Hustle" e "Stayin' Alive"?Disco
25%
Que elemento químico corresponde ao número atómico 10?Néon
25%
Em que estado dos EUA podemos encontrar a sede da cadeia de restaurantes Wendy's?Ohio
8%
Que álbum do Pink Floyd ficou nas paradas por 741 semanas consecutivas, começando em 1973?The Dark Side of
the Moon
8%
Quem canta a música "The Way We Were"?Barbra Streisand
0%

Distribuição das Pontuações

Percentil de Números Respondidos

Porcentagem de Pessoas com Cada Pontuação

Sua Pontuação Histórica

Você não jogou esse quiz